000 00570nam a2200229 a 4500
001 0001-1389
003 ELIB.Books
008 160727 2010 eng
020 _a13:9781576582589
035 _a(ELIB.Books)0001-1544
092 _aB
_bBen
100 _aBenge, Janet.
245 _aWilliam Booth:
_b Soup, Soap and Salvation
260 _aWaco
_bYWAM Publishing
_c2002
300 _a201
_c20.5 Cm
650 _aBiography
856 _nKBTS Library
_uKBTS: ELIB
942 _2ddc
_cBK
990 _a1
998 _cbat
_e2016-07-27
999 _c11389
_d11389